[Event "4NCL Division 3n"]
[Site "Shrigley Hall ENG"]
[Date "2015.01.10"]
[Round "3.57"]
[White "Dargan, Paul AG"]
[Black "Nicholson, Jim WR"]
[Result "0-1"]
[WhiteElo "2143"]
[BlackElo "2002"]
[PlyCount "132"]
[EventDate "2015.01.10"]
[WhiteTeam "North East England 1"]
[BlackTeam "Bradford DCA Knights B"]

1. e4 c5 2. c3 d5 3. exd5 Nf6 4. d4 Nxd5 5. Nf3 e6 6. Be2 cxd4 7. Nxd4 Bd7 8.
Bf3 Nc6 9. O-O Be7 10. Nf5 exf5 11. Bxd5 O-O 12. Be3 Qc7 13. f4 Rad8 14. Nd2
Bc8 15. Qf3 Bf6 16. Nb3 Ne7 17. Rad1 Nxd5 18. Rxd5 Rxd5 19. Qxd5 Rd8 20. Qc5
Qxc5 21. Bxc5 b6 22. Bd4 Bxd4+ 23. Nxd4 Kf8 24. Re1 g6 25. Kf2 Rd7 26. g3 Bb7
27. Re2 h5 28. Rd2 Re7 29. h4 Be4 30. c4 Rc7 31. b3 a6 32. Nc2 b5 33. Ne3 bxc4
34. Nxc4 Ke7 35. Ke3 Rc6 36. Rd4 Rc7 37. Kd2 Bb1 38. a3 Be4 39. Ne3 Ke6 40. Nc4
Ke7 41. Kc3 Rc6 42. b4 Rc7 43. a4 Bc6 44. Kb3 Bd7 45. Ne3 Be6+ 46. Kb2 Rb7 47.
Ka3 Rb8 48. Nd5+ Kd6 49. Nc3+ Kc7 50. b5 axb5 51. axb5 Kb7 52. Kb4 Re8 53. Na4
Bc8 54. Rd6 Re4+ 55. Ka5 Kc7 56. Rf6 Re7 57. Nc5 Bb7 58. b6+ Kc8 59. Nd3 Be4
60. Ne5 Bd5 61. Rd6 Bg2 62. Kb5 Kb7 63. Rd7+ Rxd7 64. Nxd7 Bc6+ 65. Kc5 Bxd7
66. Kd6 Be6 0-1

[Event "4NCL Division 3n"]
[Site "Shrigley Hall ENG"]
[Date "2015.01.10"]
[Round "3.58"]
[White "McCarthy, Damian"]
[Black "Tavoularis, Nick"]
[Result "0-1"]
[WhiteElo "1829"]
[BlackElo "2142"]
[PlyCount "88"]
[EventDate "2015.01.10"]
[WhiteTeam "Bradford DCA Knights B"]
[BlackTeam "North East England 1"]

1. d4 f5 2. e4 fxe4 3. Nc3 Nf6 4. Bg5 Nc6 5. d5 Ne5 6. Qe2 c6 7. O-O-O Qa5 8.
Bxf6 gxf6 9. Qxe4 d6 10. Kb1 f5 11. Qh4 Ng6 12. Qg5 Bg7 13. Nge2 Bd7 14. Nd4
Bf6 15. Qd2 Rc8 16. dxc6 bxc6 17. Nb3 Bxc3 18. Nxa5 Bxd2 19. Rxd2 Kf7 20. Be2
Kf6 21. Re1 h5 22. Kc1 h4 23. h3 Nf4 24. Bf1 Rhg8 25. f3 c5 26. Nc4 Be6 27. Ne3
a5 28. a3 Rb8 29. c3 Rb7 30. Nd1 Bb3 31. Ne3 d5 32. Kb1 e5 33. Rc1 Rc7 34. Nd1
Bxd1 35. Rcxd1 d4 36. cxd4 cxd4 37. Rc1 Rgc8 38. Rxc7 Rxc7 39. Rc2 Rxc2 40.
Kxc2 Nd5 41. Kd2 Ne3 42. Ke1 e4 43. fxe4 fxe4 44. Kf2 Nxf1 0-1

[Event "4NCL Division 3n"]
[Site "Shrigley Hall ENG"]
[Date "2015.01.10"]
[Round "3.59"]
[White "Waters, Clive L"]
[Black "Slinger, AJ (Tony)"]
[Result "1/2-1/2"]
[WhiteElo "2134"]
[BlackElo "1950"]
[PlyCount "80"]
[EventDate "2015.01.10"]
[WhiteTeam "North East England 1"]
[BlackTeam "Bradford DCA Knights B"]

1. d4 d5 2. Nf3 c6 3. c4 Nf6 4. Nc3 e6 5. e3 Nbd7 6. Bd3 Bd6 7. O-O O-O 8. e4
dxe4 9. Nxe4 Nxe4 10. Bxe4 Nf6 11. Bc2 Re8 12. Bg5 Bf8 13. Qd3 g6 14. Rad1 Bg7
15. Ne5 Qc7 16. Qf3 Nh5 17. Ng4 f5 18. Nh6+ Kh8 19. Rfe1 Bd7 20. c5 Rf8 21. Qe3
Rae8 22. f4 Nf6 23. Qf3 Nd5 24. a3 b6 25. b4 a5 26. Bb3 axb4 27. Bxd5 exd5 28.
Rxe8 Bxe8 29. axb4 bxc5 30. bxc5 Bf7 31. h4 Re8 32. h5 Re4 33. Kh2 Rxd4 34. Ra1
Be8 35. Nxf5 gxf5 36. h6 Re4 37. hxg7+ Qxg7 38. Ra8 Qf7 39. Qh3 Kg8 40. Rd8 Qg6
1/2-1/2

[Event "4NCL Division 3n"]
[Site "Shrigley Hall ENG"]
[Date "2015.01.10"]
[Round "3.60"]
[White "Johnson, Paul"]
[Black "Coathup, Roger H"]
[Result "0-1"]
[WhiteElo "1904"]
[BlackElo "2102"]
[PlyCount "96"]
[EventDate "2015.01.10"]
[WhiteTeam "Bradford DCA Knights B"]
[BlackTeam "North East England 1"]

1. d4 Nf6 2. Nf3 g6 3. c4 Bg7 4. Nc3 O-O 5. e4 d6 6. Be2 Na6 7. O-O e5 8. d5
Nc5 9. Qc2 a5 10. Be3 b6 11. Nd2 Bd7 12. b3 h5 13. f3 Nh7 14. a3 f5 15. b4 Nb7
16. Bd3 f4 17. Bf2 g5 18. Ne2 Rf7 19. c5 bxc5 20. bxc5 Nxc5 21. Bxc5 dxc5 22.
Bc4 Kh8 23. d6 Rf6 24. dxc7 Qxc7 25. Nc3 Rg6 26. Nd5 Qd8 27. Rab1 g4 28. g3
fxg3 29. hxg3 gxf3 30. Rxf3 h4 31. Qc3 Ng5 32. Rd3 Nh3+ 33. Kf1 Qg5 34. Kg2 Qg4
35. Rf3 Nf4+ 36. Kf2 Nh3+ 37. Ke3 hxg3 38. Rh1 Qg5+ 39. Kd3 Bh6 40. Kc2 g2 41.
Rfxh3 Bxh3 42. Rg1 Qxd2+ 43. Qxd2 Bxd2 44. Kxd2 Rb8 45. Kc2 Rg3 46. Nc3 Rf8 47.
a4 Rxc3+ 48. Kxc3 Rf1 0-1

[Event "4NCL Division 3n"]
[Site "Shrigley Hall ENG"]
[Date "2015.01.10"]
[Round "3.65"]
[White "White, Mark W"]
[Black "Hackner, Oskar A"]
[Result "0-1"]
[WhiteElo "2078"]
[BlackElo "2145"]
[PlyCount "92"]
[EventDate "2015.01.10"]
[WhiteTeam "Jorvik"]
[BlackTeam "Bradford DCA Knights A"]

1. e4 e6 2. d4 d5 3. Bd3 dxe4 4. Bxe4 Nf6 5. Bg5 c5 6. Bxf6 Qxf6 7. Nf3 Na6 8.
Nc3 cxd4 9. Qxd4 Bb4 10. O-O-O Qxd4 11. Nxd4 Bxc3 12. bxc3 Nc5 13. Bf3 Bd7 14.
Rhe1 O-O-O 15. Re5 b6 16. Nc6 Bxc6 17. Bxc6 Rxd1+ 18. Kxd1 Kc7 19. Bf3 f6 20.
Re3 e5 21. c4 Kd6 22. g4 Rd8 23. Ke2 Ne6 24. Rd3+ Nd4+ 25. Kd2 Kc5 26. Kc3 g6
27. Bb7 Rd7 28. Ba6 e4 29. Rd2 f5 30. gxf5 gxf5 31. Kb2 Rd6 32. c3 Nf3 33. Rxd6
Kxd6 34. Bc8 Ke5 35. Kc2 Nxh2 36. Kd2 h5 37. Ke3 Nf3 38. Ke2 h4 39. Kf1 h3 40.
Bd7 Kf4 41. a4 Nd2+ 42. Kg1 Nxc4 43. Kh2 Ne5 44. Bb5 Ng4+ 45. Kxh3 Nxf2+ 46.
Kg2 Nd1 0-1

[Event "4NCL Division 3n"]
[Site "Shrigley Hall ENG"]
[Date "2015.01.10"]
[Round "3.67"]
[White "Cowan, Richard M"]
[Black "Jennings, Roger"]
[Result "1-0"]
[WhiteElo "1878"]
[BlackElo "2126"]
[PlyCount "99"]
[EventDate "2015.01.10"]
[WhiteTeam "Jorvik"]
[BlackTeam "Bradford DCA Knights A"]

1. e4 g6 2. d4 Bg7 3. Be3 d6 4. Bd3 Nf6 5. h3 O-O 6. Nd2 Nc6 7. c3 e5 8. Ne2 d5
9. exd5 Nxd5 10. Nf3 Nxe3 11. fxe3 Re8 12. Bb5 e4 13. Nd2 Qg5 14. Nf4 Qxb5 15.
Qc2 g5 16. c4 Qa5 17. Nd5 Nb4 18. Qc3 Nd3+ 19. Ke2 Qxc3 20. bxc3 c6 21. Nc7 Bf5
22. c5 b6 23. cxb6 axb6 24. Nxe8 Rxe8 25. Nc4 b5 26. Nd6 Bd7 27. Nxe8 Bxe8 28.
a4 bxa4 29. Rxa4 f5 30. Rb1 Bh5+ 31. Kd2 Kf7 32. Ra7+ Kf6 33. Rb6 Be8 34. Rbb7
Bh6 35. Rxh7 Kg6 36. Rhe7 f4 37. Rxe8 fxe3+ 38. Kxe3 g4+ 39. Kxe4 Nf2+ 40. Ke5
gxh3 41. gxh3 Nxh3 42. Re6+ Kg5 43. Rxc6 Bf8 44. Rc8 Bh6 45. Rh7 Nf2 46. Rg8+
Kh5 47. Kf5 Ng4 48. Rg5+ Kh4 49. Rxg4+ Kh5 50. Rg5+ 1-0

[Event "4NCL Division 3n"]
[Site "Shrigley Hall ENG"]
[Date "2015.01.10"]
[Round "3.68"]
[White "Drabble, Andrew"]
[Black "Nezis, Anastasios"]
[Result "1/2-1/2"]
[WhiteElo "2028"]
[BlackElo "1928"]
[PlyCount "50"]
[EventDate "2015.01.10"]
[WhiteTeam "Bradford DCA Knights A"]
[BlackTeam "Jorvik"]

1. d4 d6 2. e4 Nf6 3. Bd3 c6 4. Nf3 Bg4 5. Nbd2 Nbd7 6. c3 Qc7 7. h3 Bxf3 8.
Nxf3 e5 9. O-O Be7 10. Re1 O-O 11. Qc2 Rac8 12. Bd2 Rfe8 13. Rad1 Nf8 14. a4
Ng6 15. g3 a6 16. Kg2 h5 17. dxe5 dxe5 18. Bc4 b5 19. Bxf7+ Kxf7 20. Ng5+ Kg8
21. Qb3+ Kh8 22. Nf7+ Kh7 23. Ng5+ Kh8 24. Nf7+ Kh7 25. Ng5+ Kh8 1/2-1/2

[Event "4NCL Division 3n"]
[Site "Shrigley Hall ENG"]
[Date "2015.01.10"]
[Round "3.69"]
[White "Flint, Martina"]
[Black "Bak, Andrew"]
[Result "1/2-1/2"]
[WhiteElo "1836"]
[BlackElo "2062"]
[PlyCount "79"]
[EventDate "2015.01.10"]
[WhiteTeam "Jorvik"]
[BlackTeam "Bradford DCA Knights A"]

1. f4 d5 2. g3 Nf6 3. Bg2 g6 4. d3 Bg7 5. c3 O-O 6. Nf3 b6 7. O-O Bb7 8. Qc2 c5
9. h3 Nc6 10. e4 dxe4 11. dxe4 e5 12. f5 Qe7 13. Nh4 Rad8 14. Na3 Ba6 15. c4
Nd4 16. Qf2 Nh5 17. Bf3 Nxf3+ 18. Qxf3 Rd4 19. Be3 Rd3 20. Ng2 Bh6 21. Kh2 Rfd8
22. Rad1 Bb7 23. Rxd3 Rxd3 24. Qe2 Bxe4 25. Bxh6 Nxg3 26. Qf2 Nxf1+ 27. Qxf1
Bxf5 28. Ne3 Be4 29. Ng4 f5 30. Nf2 Rf3 31. Qg2 Qh4 32. Nxe4 fxe4 33. Bg5 Qe1
34. Nc2 Qd1 35. Ne3 Qd4 36. Ng4 Kg7 37. Bh6+ Kg8 38. Bg5 Kg7 39. Bh6+ Kg8 40.
Bg5 1/2-1/2

[Event "4NCL Division 3n"]
[Site "Shrigley Hall ENG"]
[Date "2015.01.10"]
[Round "3.70"]
[White "Gardiner, Eric"]
[Black "Anderson, Paul W"]
[Result "1-0"]
[WhiteElo "2011"]
[BlackElo "1876"]
[PlyCount "57"]
[EventDate "2015.01.10"]
[WhiteTeam "Bradford DCA Knights A"]
[BlackTeam "Jorvik"]

1. d4 d5 2. c4 dxc4 3. Nf3 a6 4. e3 Nf6 5. Bxc4 e6 6. O-O b5 7. Bb3 Bb7 8. a4
Nbd7 9. Qe2 Be7 10. Nbd2 O-O 11. Rd1 c5 12. e4 cxd4 13. e5 Nd5 14. Ne4 bxa4 15.
Bxa4 N7b6 16. Bc2 Qc7 17. Neg5 h6 18. Qd3 g6 19. Nxe6 Nb4 20. Nxc7 Nxd3 21.
Nxa8 Nxc1 22. Nxb6 d3 23. Rdxc1 dxc2 24. Rxc2 Be4 25. Rc4 Bf5 26. Nd5 Bd8 27.
Nd4 Be6 28. Nxe6 fxe6 29. Nc7 1-0

[Event "4NCL Division 3n"]
[Site "Shrigley Hall ENG"]
[Date "2015.01.10"]
[Round "3.75"]
[White "Hamer, Martyn"]
[Black "Turner, John M"]
[Result "1-0"]
[WhiteElo "2014"]
[BlackElo "2037"]
[PlyCount "49"]
[EventDate "2015.01.10"]
[WhiteTeam "Manchester Manticores 2"]
[BlackTeam "Holmes Chapel"]

1. e4 d5 2. exd5 Qxd5 3. Nf3 Bg4 4. Be2 Nf6 5. O-O Nc6 6. d4 e6 7. c4 Qd7 8.
Be3 Be7 9. Nc3 O-O 10. h3 Bh5 11. g4 Bg6 12. Ne5 Nxe5 13. dxe5 Qxd1 14. Raxd1
Ne4 15. Rd7 Nxc3 16. bxc3 Ba3 17. Bf3 c5 18. Bxb7 Rab8 19. Rfd1 f6 20. exf6
Rxf6 21. R1d6 e5 22. Bd5+ Kf8 23. Rxf6+ gxf6 24. Rxa7 Bb2 25. Bxc5+ 1-0

[Event "4NCL Division 3n"]
[Site "Shrigley Hall ENG"]
[Date "2015.01.10"]
[Round "3.77"]
[White "Burns, Martin"]
[Black "Doran, Chris"]
[Result "0-1"]
[WhiteElo "1875"]
[BlackElo "2006"]
[PlyCount "76"]
[EventDate "2015.01.10"]
[WhiteTeam "Manchester Manticores 2"]
[BlackTeam "Holmes Chapel"]

1. e4 c5 2. Nc3 Nc6 3. f4 g6 4. Nf3 Bg7 5. Bb5 Nd4 6. Bd3 e6 7. O-O d6 8. Nxd4
cxd4 9. Ne2 Ne7 10. Bb5+ Bd7 11. Bxd7+ Qxd7 12. d3 Qc7 13. Bd2 O-O 14. Ng3 f5
15. exf5 Nxf5 16. Nxf5 Rxf5 17. Rc1 Raf8 18. Qe2 e5 19. c3 Qb6 20. Kh1 Qxb2 21.
Rb1 Qxa2 22. Ra1 Qd5 23. c4 Qc6 24. Rxa7 exf4 25. Qf3 Qxf3 26. gxf3 b5 27. Rd7
bxc4 28. dxc4 Be5 29. Re1 Rc8 30. Rc1 Rf7 31. Rxf7 Kxf7 32. Kg2 Ke6 33. Kf1 Rb8
34. Ke2 Rb3 35. h3 Kd7 36. Kf2 Ke6 37. Ra1 d3 38. Ra8 Bd4+ 0-1

[Event "4NCL Division 3n"]
[Site "Shrigley Hall ENG"]
[Date "2015.01.10"]
[Round "3.78"]
[White "Lowick Higgie, Charles"]
[Black "Lyth, John.D"]
[Result "1-0"]
[WhiteElo "1846"]
[BlackElo "2026"]
[PlyCount "97"]
[EventDate "2015.01.10"]
[WhiteTeam "Holmes Chapel"]
[BlackTeam "Manchester Manticores 2"]

1. d4 d5 2. c4 c6 3. Nc3 Nf6 4. Nf3 e6 5. Bg5 dxc4 6. e4 b5 7. e5 h6 8. Bh4 g5
9. Nxg5 hxg5 10. Bxg5 Nbd7 11. Qf3 Qb6 12. Bxf6 Nxf6 13. Qxf6 Rg8 14. O-O-O Be7
15. Qf3 Bb7 16. Ne4 Rd8 17. Qe3 Qa5 18. a3 Rd7 19. Rg1 Kd8 20. Be2 Kc8 21. f4
Rdd8 22. g4 Rh8 23. h3 Rdg8 24. g5 Qd8 25. Qg3 Kb8 26. h4 Qf8 27. h5 Bc8 28.
Qc3 Qd8 29. h6 Rf8 30. a4 Bb7 31. Nc5 Bc8 32. Bf3 Qb6 33. Qe3 a6 34. Qe4 Kc7
35. Qe3 Rd8 36. Bh5 Rdf8 37. Kc2 Qa5 38. Bxf7 Rxf7 39. g6 Rf5 40. g7 Re8 41.
g8=Q Rxg8 42. Rxg8 Bxc5 43. dxc5 Qxa4+ 44. Kd2 Rh5 45. Qd4 Rh2+ 46. Ke1 Rh1+
47. Rg1 Rxh6 48. Rg7+ Kb8 49. Qd6+ 1-0

[Event "4NCL Division 3n"]
[Site "Shrigley Hall ENG"]
[Date "2015.01.10"]
[Round "3.87"]
[White "Collins, Richard.A"]
[Black "Armstrong, William G"]
[Result "0-1"]
[WhiteElo "1810"]
[BlackElo "1849"]
[PlyCount "106"]
[EventDate "2015.01.10"]
[WhiteTeam "Manchester Manticores 3"]
[BlackTeam "Cheddleton 3"]

1. d4 Nf6 2. c4 g6 3. Nc3 Bg7 4. e4 d6 5. f4 e5 6. fxe5 dxe5 7. d5 O-O 8. Nf3
Re8 9. Be2 Bg4 10. O-O Nbd7 11. Be3 Bf8 12. Kh1 a6 13. Qc2 Rc8 14. h3 Bxf3 15.
Rxf3 Nh5 16. g4 Ng7 17. Raf1 f6 18. Bd3 Be7 19. Qf2 Rf8 20. c5 Ne8 21. b4 Kh8
22. Qb2 Rf7 23. Bc4 Rg7 24. Bh6 Bf8 25. Bxg7+ Bxg7 26. c6 bxc6 27. Bxa6 Rb8 28.
dxc6 Nc5 29. Rd1 Qe7 30. Qe2 Ne6 31. Nd5 Qf8 32. Rc3 Nd4 33. Qf2 Nd6 34. Bd3
Qf7 35. Rf1 f5 36. gxf5 gxf5 37. Rc5 f4 38. Qh4 Ra8 39. Nc3 Bf6 40. Qf2 Qh5 41.
Be2 Nxe2 42. Qxe2 Qxh3+ 43. Qh2 Qxf1+ 44. Qg1 Qh3+ 45. Qh2 Qxh2+ 46. Kxh2 Rg8
47. Nd5 Bd8 48. a4 Nxe4 49. Rc2 f3 50. Ne3 Bg5 51. Nf1 Bf4+ 52. Kh3 Rg6 53. b5
Nf6 0-1

[Event "4NCL Division 3n"]
[Site "Shrigley Hall ENG"]
[Date "2015.01.10"]
[Round "3.88"]
[White "Boswell, Jacob C"]
[Black "Coward, Neil"]
[Result "0-1"]
[WhiteElo "1616"]
[BlackElo "1792"]
[PlyCount "72"]
[EventDate "2015.01.10"]
[WhiteTeam "Cheddleton 3"]
[BlackTeam "Manchester Manticores 3"]

1. e4 c5 2. Nf3 Nc6 3. d4 cxd4 4. Nxd4 g6 5. c4 Bg7 6. Be3 Nf6 7. Nc3 O-O 8.
Be2 d6 9. O-O Bd7 10. h3 h5 11. Qc2 Kh7 12. Rad1 Nxd4 13. Bxd4 Bc6 14. Bf3 Bh6
15. Qe2 Qc7 16. Nd5 Bxd5 17. cxd5 Rfc8 18. e5 Nd7 19. exd6 Qxd6 20. Rfe1 Re8
21. Qb5 b6 22. Rd3 a6 23. Qc6 Rac8 24. Qxd6 exd6 25. Rxe8 Rxe8 26. Kf1 Kg8 27.
Rc3 Bd2 28. Be2 Bxc3 29. Bxc3 b5 30. a4 bxa4 31. Bxa6 Nc5 32. Bb5 Rb8 33. Bc4
Ne4 34. Ke2 Nxc3+ 35. bxc3 a3 36. g4 a2 0-1

[Event "4NCL Division 3n"]
[Site "Shrigley Hall ENG"]
[Date "2015.01.10"]
[Round "3.96"]
[White "Dean, Robert A"]
[Black "Powell, Lloyd"]
[Result "1/2-1/2"]
[WhiteElo "1864"]
[BlackElo "2147"]
[PlyCount "59"]
[EventDate "2015.01.10"]
[WhiteTeam "Bradford DCA Knights C"]
[BlackTeam "Spirit of Atticus B"]

1. e4 c5 2. f4 e6 3. Nf3 Nc6 4. Bc4 a6 5. d3 d5 6. exd5 exd5 7. Qe2+ Be7 8. Bb3
Nf6 9. O-O O-O 10. Nc3 Re8 11. Ne5 Nd4 12. Qf2 Nxb3 13. axb3 Bd6 14. Re1 Bf5
15. Bd2 Qc7 16. Qg3 d4 17. Nd1 h6 18. Nf2 Re7 19. Nc4 Rae8 20. Rxe7 Rxe7 21.
Qh4 Bd7 22. Ba5 Qb8 23. Nxd6 Qxd6 24. Bd8 Re2 25. Bxf6 Qxf6 26. Qxf6 gxf6 27.
Rc1 Bc6 28. Kf1 Re8 29. Ng4 Kg7 30. h3 1/2-1/2

[Event "4NCL Division 3n"]
[Site "Shrigley Hall ENG"]
[Date "2015.01.10"]
[Round "3.97"]
[White "Johnson, Michael D"]
[Black "Bramson, Mike"]
[Result "1-0"]
[WhiteElo "2047"]
[BlackElo "1830"]
[PlyCount "135"]
[EventDate "2015.01.10"]
[WhiteTeam "Spirit of Atticus B"]
[BlackTeam "Bradford DCA Knights C"]

1. Nf3 Nf6 2. g3 Nc6 3. d4 d5 4. Bg2 Bf5 5. O-O e6 6. c4 Be7 7. Nc3 O-O 8. b3
Ne4 9. Bb2 Bf6 10. e3 Re8 11. Nd2 Nxc3 12. Bxc3 Ne7 13. c5 c6 14. f4 Bd3 15.
Rf2 Nf5 16. Qe1 h5 17. Nf3 Be4 18. Bf1 b5 19. Nd2 a5 20. Nxe4 dxe4 21. Bg2 Qd5
22. Re2 b4 23. Bb2 a4 24. bxa4 Rxa4 25. Qb1 Qc4 26. Kf2 Rea8 27. Bxe4 Rxa2 28.
Rxa2 Rxa2 29. Bxf5 exf5 30. Qxf5 Bxd4 31. Qe4 Qxe2+ 32. Kxe2 Rxb2+ 33. Kd3 Bxc5
34. Qe8+ Bf8 35. Qxc6 Rxh2 36. Qd5 Be7 37. f5 Rf2 38. Qe5 Bf8 39. e4 b3 40. Ke3
Ra2 41. Kd3 Ra4 42. Kc3 Rb4 43. Kb2 Rb6 44. Qd4 Rb4 45. Qd5 Be7 46. e5 Bg5 47.
e6 Bf6+ 48. Kb1 fxe6 49. fxe6 Be7 50. Qxh5 Rb7 51. Qd5 Rb8 52. g4 b2 53. g5 Rd8
54. Qb3 Rd4 55. g6 Kf8 56. Qb8+ Rd8 57. Qc7 Rd6 58. Kxb2 Rd2+ 59. Kb3 Rd3+ 60.
Kc4 Rd1 61. Kb5 Rb1+ 62. Ka6 Ra1+ 63. Kb7 Rb1+ 64. Kc8 Rb4 65. Qe5 Bf6 66. Qc5+
Be7 67. Qf5+ Bf6 68. e7+ 1-0

[Event "4NCL Division 3n"]
[Site "Shrigley Hall ENG"]
[Date "2015.01.10"]
[Round "3.98"]
[White "Mahoney, Nicholas"]
[Black "Cooper, John G"]
[Result "1/2-1/2"]
[WhiteElo "1764"]
[BlackElo "2036"]
[PlyCount "60"]
[EventDate "2015.01.10"]
[WhiteTeam "Bradford DCA Knights C"]
[BlackTeam "Spirit of Atticus B"]

1. e4 c5 2. Nf3 e6 3. d4 cxd4 4. Nxd4 Nc6 5. Nc3 Qc7 6. Be2 a6 7. O-O b5 8. Be3
Bb7 9. Qd2 Nf6 10. f3 Rc8 11. Rac1 Nxd4 12. Qxd4 Bc5 13. Qxc5 Qxc5 14. Bxc5
Rxc5 15. Nb1 d5 16. exd5 exd5 17. Nd2 Kd7 18. Nb3 Rc7 19. Bd3 g6 20. Kf2 Re8
21. Rfe1 h5 22. Re3 Rxe3 23. Kxe3 Kd6 24. Kf2 Re7 25. Re1 Rxe1 26. Kxe1 Nd7 27.
f4 Nb6 28. Nd4 Na4 29. b3 Nc3 30. a3 Ne4 1/2-1/2

[Event "4NCL Division 3n"]
[Site "Shrigley Hall ENG"]
[Date "2015.01.10"]
[Round "3.100"]
[White "Grobler, David"]
[Black "Mort, Andrew J"]
[Result "0-1"]
[WhiteElo "1657"]
[BlackElo "1962"]
[PlyCount "88"]
[EventDate "2015.01.10"]
[WhiteTeam "Bradford DCA Knights C"]
[BlackTeam "Spirit of Atticus B"]

1. e4 g6 2. d4 Bg7 3. Nf3 c5 4. Nc3 cxd4 5. Nxd4 Nc6 6. Be3 Nf6 7. Nxc6 bxc6 8.
e5 Nd5 9. Bd4 O-O 10. Qd2 Qa5 11. Be2 Nc7 12. f4 Ne6 13. Be3 Rb8 14. b3 d6 15.
Ne4 Qxd2+ 16. Nxd2 dxe5 17. fxe5 Bxe5 18. O-O-O Nd4 19. Bc4 Bf5 20. Bxd4 Bxd4
21. Nf3 Be3+ 22. Kb2 Rbd8 23. Rxd8 Rxd8 24. Re1 Bc5 25. Ne5 Rd2 26. Bd3 Bxd3
27. Nxd3 Bd6 28. Ne5 Rxg2 29. Nxc6 Rxh2 30. Nxe7+ Bxe7 31. Rxe7 f5 32. Rxa7 f4
33. a4 f3 34. Ra8+ Kf7 35. Ra7+ Ke6 36. Ra8 Rh5 37. Re8+ Kd5 38. Re1 f2 39. Rf1
Rf5 40. Kc3 g5 41. Kd3 g4 42. Ke2 g3 43. Rd1+ Ke4 44. Kf1 Kf3 0-1

[Event "4NCL Division 3n"]
[Site "Shrigley Hall ENG"]
[Date "2015.01.10"]
[Round "3.192"]
[White "Armstrong, Malcolm J"]
[Black "Cawley, Paul.F"]
[Result "1-0"]
[WhiteElo "2083"]
[BlackElo "2070"]
[PlyCount "83"]
[EventDate "2015.01.10"]
[WhiteTeam "Cheddleton 2"]
[BlackTeam "Manchester Manticores 1"]

1. d4 Nf6 2. g3 g6 3. Bg2 Bg7 4. Nf3 d6 5. O-O O-O 6. c4 c6 7. Nc3 Nbd7 8. e4
e5 9. h3 Qc7 10. Be3 exd4 11. Nxd4 Re8 12. Qc2 a5 13. Rad1 Nc5 14. Rfe1 Be6 15.
b3 Rad8 16. Kh2 Bc8 17. f4 h5 18. Bf2 Bh6 19. Nf3 b6 20. Bd4 Bg7 21. Rd2 Ne6
22. Bf2 Nc5 23. a3 Bb7 24. Ng5 h4 25. g4 d5 26. e5 dxc4 27. Rxd8 Rxd8 28. Bxc5
bxc5 29. bxc4 Nh7 30. Nxh7 Kxh7 31. Qf2 Rd4 32. Qxh4+ Kg8 33. Ne4 Ba6 34. Bf1
Bxc4 35. Bxc4 Rxc4 36. Nf6+ Bxf6 37. Qxf6 Rc2+ 38. Kg3 Rc3+ 39. Kh4 Rd3 40. e6
g5+ 41. Qxg5+ Kh7 42. Qf5+ 1-0

[Event "4NCL Division 3n"]
[Site "Shrigley Hall ENG"]
[Date "2015.01.10"]
[Round "3.191"]
[White "Shaw, Robert"]
[Black "Prasath, Malola TS"]
[Result "1-0"]
[WhiteElo "2203"]
[BlackElo "2059"]
[PlyCount "103"]
[EventDate "2015.01.10"]
[WhiteTeam "Cheddleton 2"]
[BlackTeam "North East England 2"]

1. d4 Nc6 2. Nf3 d5 3. e3 Bg4 4. Be2 Nf6 5. O-O Bxf3 6. Bxf3 e5 7. c4 e4 8. Be2
Bd6 9. cxd5 Nxd5 10. Nc3 Qh4 11. g3 Nxc3 12. bxc3 Qe7 13. Rb1 Nd8 14. c4 c6 15.
c5 Bc7 16. d5 Qxc5 17. dxc6 bxc6 18. Qa4 f5 19. Ba3 Qa5 20. Qb3 Rb8 21. Bb4 Qe5
22. Qa3 a5 23. Bc3 Qd6 24. Qxd6 Bxd6 25. Bxa5 Ne6 26. Rxb8+ Bxb8 27. Bc4 Ng5
28. Rb1 Nf3+ 29. Kg2 Ke7 30. Rb7+ Kf6 31. Rf7+ Kg6 32. Re7 Be5 33. Re6+ Bf6 34.
Rxc6 Ne5 35. Rc5 Ra8 36. Be6 Re8 37. Bb3 Nd3 38. Rc6 Ne5 39. Rc7 Rd8 40. h3 h5
41. Rc1 Ra8 42. Bc7 Nd3 43. Rc6 Nb4 44. Rc5 Be7 45. Re5 Bf6 46. Rb5 Nxa2 47.
Be6 Nc3 48. Bxf5+ Kf7 49. Rb7 Kg8 50. h4 g5 51. hxg5 Bxg5 52. Be5 1-0

[Event "4NCL Division 3n"]
[Site "Shrigley Hall ENG"]
[Date "2015.01.10"]
[Round "3.194"]
[White "Robson, Paul E"]
[Black "Acey, Gerald"]
[Result "0-1"]
[WhiteElo "1899"]
[BlackElo "2092"]
[PlyCount "94"]
[EventDate "2015.01.10"]
[WhiteTeam "North East England 2"]
[BlackTeam "Cheddleton 2"]

1. e4 e5 2. d4 exd4 3. Nf3 Nc6 4. Bc4 Nf6 5. e5 d5 6. Bb5 Ne4 7. Nxd4 Bd7 8.
Bxc6 bxc6 9. O-O Bc5 10. Be3 O-O 11. f3 Ng5 12. f4 Ne4 13. Nc3 Nxc3 14. bxc3 f6
15. Qd2 Bb6 16. e6 Bxd4 17. Bxd4 Bxe6 18. f5 Bf7 19. Rf3 Re8 20. Rg3 Qd6 21.
Rf1 Re5 22. Qf2 Rae8 23. Bc5 Qd8 24. Qd2 Kh8 25. Bxa7 d4 26. cxd4 Bc4 27. Rb1
Re2 28. Qb4 Qd5 29. Rf3 Bxa2 30. Rc1 Qe4 31. c4 Qg4 32. Rg3 Qxf5 33. Rf1 Qc2
34. Qb7 Bxc4 35. Qb1 Bd5 36. Qxc2 Rxc2 37. Rb1 Kg8 38. Rb8 Rxb8 39. Bxb8 Rd2
40. Ba7 Kf7 41. Bc5 g5 42. Kf1 h5 43. Ke1 Ra2 44. Kf1 h4 45. Rg4 Bc4+ 46. Kg1
Kg6 47. Be7 Ra1+ 0-1

[Event "4NCL Division 3n"]
[Site "Shrigley Hall ENG"]
[Date "2015.01.10"]
[Round "3.197"]
[White "Richardson, Alex"]
[Black "Dalton, Joseph"]
[Result "1-0"]
[WhiteElo "2103"]
[BlackElo "1758"]
[PlyCount "69"]
[EventDate "2015.01.10"]
[WhiteTeam "Cheddleton 2"]
[BlackTeam "North East England 2"]

1. c4 e5 2. g3 Nf6 3. Bg2 d5 4. cxd5 Nxd5 5. Nc3 Nb6 6. Nf3 Nc6 7. O-O Bg4 8.
a3 Qd7 9. b4 Bd6 10. b5 Na5 11. d3 Bh3 12. Bxh3 Qxh3 13. Bd2 a6 14. Rb1 Nd7 15.
Ne4 axb5 16. Nxd6+ cxd6 17. Ng5 Qf5 18. Ne4 Qe6 19. Bb4 Ra6 20. Qd2 Nb3 21.
Rxb3 Qxb3 22. Nxd6+ Rxd6 23. Bxd6 f6 24. Rc1 Kf7 25. Rc7 Ke6 26. Bb4 Rb8 27.
Qe3 Qd5 28. f4 g6 29. g4 h5 30. fxe5 Qxe5 31. Qxe5+ fxe5 32. gxh5 gxh5 33. e4
b6 34. Kf2 Rf8+ 35. Bxf8 1-0

[Event "4NCL Division 3n"]
[Site "Shrigley Hall ENG"]
[Date "2015.01.10"]
[Round "3.190"]
[White "Henderson, David"]
[Black "Jarmany, John"]
[Result "1/2-1/2"]
[WhiteElo "2070"]
[BlackElo "2023"]
[PlyCount "100"]
[EventDate "2015.01.10"]
[WhiteTeam "North East England 2"]
[BlackTeam "Manchester Manticores 1"]

1. e4 c6 2. d4 d5 3. e5 Bf5 4. Nf3 e6 5. Be2 c5 6. O-O Nc6 7. c4 dxc4 8. Be3
Bxb1 9. Rxb1 Nge7 10. Bxc4 cxd4 11. Bxd4 a6 12. Bc3 Ng6 13. Qb3 Qc7 14. Ng5 Be7
15. Nf3 b5 16. Bd3 b4 17. Bd2 O-O 18. Be4 Na5 19. Qa4 Rab8 20. Rbc1 Qb6 21. Be3
Qb5 22. Qxb5 Rxb5 23. Bd3 Rd5 24. Bxa6 Nxe5 25. Nxe5 Rxe5 26. Rc7 Bd6 27. Rd7
Bc5 28. Bf4 Re4 29. Bc7 Nc4 30. Rc1 Ne5 31. Rdd1 Ba7 32. Kf1 Ng4 33. Bg3 f5 34.
Rc4 Nf6 35. f3 Rxc4 36. Bxc4 Kf7 37. Re1 Re8 38. Bd6 Bd4 39. Bxb4 Bxb2 40. a4
Nd5 41. Bxd5 exd5 42. Rxe8 Kxe8 43. Ke2 Kd7 44. Kd3 Be5 45. Bc3 Bxh2 46. Bxg7
Bc7 47. Bf8 Bb6 48. Bg7 Kc6 49. Bc3 Bd8 50. Bd4 Ba5 1/2-1/2

[Event "4NCL Division 3n"]
[Site "Shrigley Hall ENG"]
[Date "2015.01.10"]
[Round "3.193"]
[White "Timson, Paul.F"]
[Black "Wise, David"]
[Result "1/2-1/2"]
[WhiteElo "2129"]
[BlackElo "2105"]
[PlyCount "31"]
[EventDate "2015.01.10"]
[WhiteTeam "Manchester Manticores 1"]
[BlackTeam "North East England 2"]

1. d4 e6 2. c4 f5 3. Nf3 Nf6 4. g3 d5 5. Bg2 c6 6. O-O Bd6 7. Nc3 O-O 8. Bf4
Bxf4 9. gxf4 Ne4 10. Ne5 Nd7 11. cxd5 exd5 12. e3 Nxe5 13. fxe5 Qh4 14. f4 Be6
15. Qe1 Qxe1 16. Rfxe1 1/2-1/2

[Event "4NCL Division 3n"]
[Site "Shrigley Hall ENG"]
[Date "2015.01.10"]
[Round "3.196"]
[White "Wilson, Kevin J"]
[Black "Tyton, Adam"]
[Result "1/2-1/2"]
[WhiteElo "1803"]
[BlackElo "2010"]
[PlyCount "43"]
[EventDate "2015.01.10"]
[WhiteTeam "North East England 2"]
[BlackTeam "Manchester Manticores 1"]

1. d4 Nf6 2. Bf4 e6 3. e3 b6 4. Nf3 Be7 5. Bd3 Bb7 6. Nbd2 d6 7. h3 a6 8. Qe2
Nd5 9. Bg3 Nb4 10. O-O Nxd3 11. cxd3 O-O 12. Rfc1 Nd7 13. Rc2 Rc8 14. Rac1 Kh8
15. Nc4 f5 16. e4 f4 17. Bh2 Qe8 18. Ncd2 Bd8 19. Nc4 Be7 20. Ncd2 Bd8 21. Nc4
Be7 22. Ncd2 1/2-1/2